Diagnóstico sobre el uso e impacto de los plaguicidas en Guatemala /

Salvato in:
Dettagli Bibliografici
Autore principale: Samayoa M, Miguel Angel
Enti autori: CSUCA, Noruega. Ministerio de Cooperación para el Desarrollo Universidad de San Carlos Universidad Rafael Landívar de Guatemala
Altri autori: Arreaga Nowell, Heriberto Díaz C, José F.
Natura: testo
Pubblicazione: Heredia: UNA
Tags: Aggiungi Tag
Nessun Tag, puoi essere il primo ad aggiungerne!!

MARC

LEADER 00000 a a2200000 04500
001 22751
003
040
090 |a 156300  
100 |a Samayoa M, Miguel Angel  
110 |a CSUCA  
245 |a Diagnóstico sobre el uso e impacto de los plaguicidas en Guatemala /  |c CSUCA  
260 |a Heredia:   |b UNA  
300 |a 91 p.   |b **no definido**   |b map.  
700 |a Arreaga Nowell, Heriberto   |a Díaz C, José F.  
710 |a Noruega. Ministerio de Cooperación para el Desarrollo   |a Universidad de San Carlos   |a Universidad Rafael Landívar de Guatemala  
999 |c 11391  |d 11391